00379nam a2200121Ia 4500008004100000245003700041245001800078260000900096650001200105856004800117999001900165952007300184171211s9999 xx 000 0 und d aRemediating Transcultural Memory cDagmar Brunow c2015 xCULTURE uhttp://down.ebook777.com/061/3110437627.pdf c347876d347876 001040aCLbCLd2017-12-11l0r2017-12-11 00:00:00w2017-12-11yCBE